000 00320nam a22001457a 4500
003 SGT
020 _a978-1-63241-199-0
082 _a616.2
_bE15M
100 _aGLASS, MICHAEL
245 _aENCYCLOPEDIA OF RESPIRATORY DISEASES
250 _a1ST
260 _aNEW YORK
_bHAYLE
_c2015
300 _a246
942 _2ddc
_cBK
999 _c16985
_d16985